| 000 | 00599nam a2200193 a 4500 | ||
|---|---|---|---|
| 005 | 20240924065937.0 | ||
| 008 | 991125 1983 mad 000 0 spa u | ||
| 020 | _a8420725781 | ||
| 035 | _aUPN01000013837 | ||
| 049 | _aCG | ||
| 050 | 4 |
_aLB2805 _bR6.3 |
|
| 100 | 1 |
_aRotger Amengual, Bartolomé, _d1941- |
|
| 245 | 1 | 4 |
_aLos departamentos didácticos : _borganización y funcionamiento / _cBartolomé Rotger Amengual. |
| 260 |
_aMadrid : _bAnaya, _c1983. |
||
| 300 | _a199 p. | ||
| 440 | 0 | _aTemas monográficos de educación | |
| 650 | 4 |
_aEscuelas _xDirección y organización _9346 |
|
| 905 | _aLibro | ||
| 999 |
_c13837 _d13837 |
||